Normal view
MARC view
- القضية الفلسطينية- وثائق-تاريخ
Entry Topical Term
001 - CONTROL NUMBER
- control field: 23990
003 - CONTROL NUMBER IDENTIFIER
- control field: JO-AjAnu
005 - DATE AND TIME OF LATEST TRANSACTION
- control field: 20230606074122.0
008 - FIXED-LENGTH DATA ELEMENTS
- fixed length control field: 230606|| aca||aabn | a|a d
040 ## - CATALOGING SOURCE
- Original cataloging agency: JO-AjAnu
- Transcribing agency: JO-AjAnu
150 ## - HEADING--TOPICAL TERM
- Topical term or geographic name entry element: القضية الفلسطينية- وثائق-تاريخ
670 ## - SOURCE DATA FOUND
- Source citation: Work cat.: (JO-AjAnu)12333: جمع واعداد عبد اللطيف، زهير غنايم، جمع واعداد محافظة، محمد عبد الكريم, author 23989, وثائق القضية الفلسطينية 1918-1948، الجزء الأول